000
00491nam a2200145Ia 4500
008
100204s9999 xx 000 0 und d
082
_b
1242
100
_a
ताम्हाणे प्रभाकर
245
_a
का मोगरा फलेना
260
_b
"कुलकर्णी गं्रथागार , पुणे"
300
_a
157
630
_a
का मोगरा फलेना
730
_a
का मोगरा फलेना
942
_c
BOOK
999
_c
446409
_d
446406